Central Library OPAC University of Rajshahi

Nature, mind, and modern science / (Record no. 28203)

MARC details
000 -LEADER
fixed length control field 00789cam a22002651 4500
001 - CONTROL NUMBER
control field 28203
003 - CONTROL NUMBER IDENTIFIER
rucl marc code BD-RjUL
005 - DATE AND TIME OF LATEST TRANSACTION
control field 20211209051242.0
008 - FIXED-LENGTH DATA ELEMENTS--GENERAL INFORMATION
fixed length control field 140329s1954 xx 001 0 eng
035 ## - SYSTEM CONTROL NUMBER
System control number (BD-RjUL)28284
System control number (OCoLC)368663
040 ## - CATALOGING SOURCE
Original cataloging agency DLC
Transcribing agency ODaWU
Modifying agency OCoLC
-- Uk
-- DLC
Language of cataloging eng
041 ## - LANGUAGE CODE
Language code of text/sound track or separate title eng
082 ## - DEWEY DECIMAL CLASSIFICATION NUMBER
Classification number 109
Author mark and year HAN 1968
100 1# - MAIN ENTRY--PERSONAL NAME
Personal name Harris, Errol E.
9 (RLIN) 86370
245 10 - TITLE STATEMENT
Title Nature, mind, and modern science /
Statement of responsibility, etc. Errol E. Harris
260 ## - PUBLICATION, DISTRIBUTION, ETC. (IMPRINT)
Place of publication, distribution, etc. London :
Name of publisher, distributor, etc. Allen & Unwin;
Place of publication, distribution, etc. New York :
Name of publisher, distributor, etc. Macmillan,
Date of publication, distribution, etc. 1954 [impresion 1968]
300 ## - PHYSICAL DESCRIPTION
Pagination 455 p. ;
Size 18 CM.
504 ## - BIBLIOGRAPHY, ETC. NOTE
Bibliography, etc Includes index
650 #0 - SUBJECT ADDED ENTRY--TOPICAL TERM
Topical term or geographic name as entry element Philosophy
General subdivision History.
9 (RLIN) 86372
Topical term or geographic name as entry element Science
General subdivision Philosophy.
9 (RLIN) 86373
942 ## - ADDED ENTRY ELEMENTS (KOHA)
Source of classification or shelving scheme Dewey Decimal Classification
Koha item type Books
Holdings
Lost status Source of classification or shelving scheme Damaged status Not for loan Collection code Permanent Location Current Location Shelving location Date acquired Source of acquisition Cost, normal purchase price Total Checkouts Full call number Date last seen Copy number Koha item type
  Dewey Decimal Classification     Non-fiction Central Library, University of Rajshahi Central Library, University of Rajshahi Reading Room 09/04/1956 Allies book 28.70   109 HAN 1968 29/03/2014 C-1 Books
  Dewey Decimal Classification     Non-fiction Central Library, University of Rajshahi Central Library, University of Rajshahi   26/08/1969 Zeitlinger 50.00   109 HAN 1968 24/07/2016 C-2 Books